Djokovic vs Nadal vs Federer - Statistics

General Stats
  • This quiz has been taken 37 times
  • The average score is 19 of 28
Answer Stats
Hint Answer % Correct
Most Roland Garros titles (14) Rafael Nadal
96%
Most Grand Slam titles (24) Novak Djokovic
93%
Most Masters 1000 titles (40) Novak Djokovic
93%
Most Wimbledon titles (8) Roger Federer
93%
Most Australian Open titles (10) Novak Djokovic
89%
Won all nine active Masters 1000 tournaments Novak Djokovic
85%
Head-to-Head, Djokovic vs Nadal Novak Djokovic
85%
Most Monte Carlo ATP 1000 titles (11) Rafael Nadal
85%
Most ATP Finals titles (7) Novak Djokovic
81%
Most weeks at my number one (428) Novak Djokovic
81%
Head-to-Head, Federer vs Djokovic Novak Djokovic
81%
Most Rome ATP 1000 titles (10) Rafael Nadal
81%
Most Olympic gold medals (2) Rafael Nadal
78%
Most Madrid ATP 1000 titles (5) Rafael Nadal
78%
Most Davis Cup titles (5) Rafael Nadal
74%
Most US Open titles (5) Roger Federer
74%
Most Indian Wells ATP 1000 titles (5) (Djokovic and ... ) Roger Federer
70%
Head-to-Head, Nadal vs Federer Rafael Nadal
67%
Most Hopman Cup titles (3) Roger Federer
67%
Most Shanghai ATP 1000 titles (4) Novak Djokovic
59%
Most career titles (103) Roger Federer
52%
Most Miami ATP 1000 titles (6) Novak Djokovic
48%
Most Cincinnati ATP 1000 titles (7) Roger Federer
48%
Most Paris ATP 1000 titles (7) Novak Djokovic
44%
Most consecutive weeks at number one (237) Roger Federer
44%
Most Masters ATP 250 titles (25) Roger Federer
44%
Most Masters ATP 500 titles (24) Roger Federer
41%
Most Montreal / Toronto ATP 1000 titles (5) Rafael Nadal
15%
No matching quizzes found
Score Distribution
Percent of People with Each Score
Percentile by Number Answered
Your Score History
You have not taken this quiz